Wortschöpfung : die memphitische theologie und die siegesstele des Pije - zwei zeugen kultureller repräsentation in der 25. dynastie /

محفوظ في:

المؤلف الرئيسي: El Hawary, Amr.

التنسيق: كتاب

اللغة: German

منشور في: Fribourg : Göttingen : Academic Press ; Vandenhoeck & Ruprecht, c2010.

سلاسل: Orbis biblicus et orientalis ; 243.
OBO ; 243.

الموضوعات:

الوسوم: إضافة وسم

لا توجد وسوم, كن أول من يضع وسما على هذه التسجيلة!

رقم الطلب: DS41 .O5 v.243

LEADER 01096nam a2200265Ia 4500
003 OSt
005 20250821132144.0
008 220611s2010 sz a b 001 0 ger c
020 |a 9783727816819 
040 |c ARCE Library 
050 4 |a DS41 .O5 v.243 
100 1 |a El Hawary, Amr. 
245 1 0 |a Wortschöpfung :   |b die memphitische theologie und die siegesstele des Pije - zwei zeugen kultureller repräsentation in der 25. dynastie /   |c Amr El Hawary. 
264 1 |a Fribourg :   |b Academic Press ;   |a Göttingen :   |b Vandenhoeck & Ruprecht,   |c c2010. 
300 |a ix, 499 p., xxiv, [1] folded leaf :   |b ill. ;   |c 24 cm. 
490 0 |a Orbis biblicus et orientalis ;   |v 243. 
490 0 |a OBO ;   |v 243. 
500 |a Publication of doctoral dissertation-- Rheinischen Friedrich-Wilhelms-Universität, 2007. 
504 |a Includes bibliography p. 460-485 and index. 
600 0 0 |a Piankhi,   |c King of Kush,   |d active 720 B.C. 
650 0 |a Inscriptions, Egyptian   |z Egypt   |z Memphis (Extinct city) 
651 |a Memphis (Extinct city)   |x Religion. 
901 |a reviewed 
942 |2 lcc  |c BK 
999 |c 47658  |d 47658